000 00596nmm a2200181Ia 4500
008 251105s9999||||xx |||||||||||||||||und||
041 _abaq
100 _aVillaescusa, María
245 0 _aFamilian zentratutako ikuspegia :
_b Kontzeptualizazioa eta eredu operatiborako proposamena
264 _a[Madrid, España] :
_bUniversidad de Deusto,
_c2022
300 _a96 páginas
490 _aAzul - Cuadernos de Derechos Humanos
650 _aFamily
700 _aVillaescusa, María
700 1 _a Martínez, Natxo
856 _uhttps://public.digitaliapublishing.com/a/163570
942 _cCF
999 _c72407
_d72407